Logique Mort Subite #39 - Statistiques

Statistiques générales
  • Ce quiz a été pris 130 fois
  • Le résultat moyen est 3 sur 24
Answers on the Grid
Answers color-coded by a green-red scale on the quiz's grid according to % correct below.
Cul-terreux
Pinsas
Six omelettes
Téter
Dérégler
Youpi Auch !!!
Mimolette
Clébard
Psychopathe
Sauge
Bout long
Pèlerinage
Béchamel
Criquet
Biere
Rougir
Gingembre
Mojito
Kern
IPA
Bar a mineurs
Amish
Perse
Huile
Obélix
Orpi
Olivier
Troglodyte
Niveau 100
Truel
Kératose
Réclame
Chamailler
H
Olympe de Gouges
Fourchette
 
Statistiques - réponses
Réponse % Correct
Fourchette
24%
Béchamel
20%
Clébard
19%
Mimolette
18%
Pèlerinage
16%
H
15%
Cul-terreux
14%
Six omelettes
14%
Bar a mineurs
13%
Chamailler
13%
Criquet
13%
Téter
13%
Bout long
12%
Psychopathe
12%
Olympe de Gouges
11%
Truel
11%
Sauge
9%
Dérégler
8%
Pinsas
8%
Youpi Auch !!!
8%
Amish
7%
Niveau 100
7%
Réclame
7%
Kératose
5%
Aucun quiz correspondant
Distribution des résultats
% des personnes avec chaque résultat
Percentile par nombre de réponses
Votre historique - résultats
Vous n’avez pas pris ce quiz